Zákon o bankách

Organizácia banky. Základné požiadavky na podnikanie bánk, banková regulácia. Postup dohliadok na diaľku (off - site examination). Regulácia menových pozícií.

Na minha lista:
Detalhes bibliográficos
Autor principal: Jánoš, Daniel
Formato: Capítulo de Livro
Idioma:eslovaco
Assuntos:
Tags: Adicionar Tag
Sem tags, seja o primeiro a adicionar uma tag!

MARC

LEADER 00000naa a2200000 4500
001 r033124
005 20230911131740.6
041 0 |a slo 
044 |a SK 
245 1 0 |a Zákon o bankách  |c Daniel Jánoš 
520 |a Organizácia banky. Základné požiadavky na podnikanie bánk, banková regulácia. Postup dohliadok na diaľku (off - site examination). Regulácia menových pozícií. 
610 2 0 |a banky 
610 2 0 |a bankovníctvo 
610 2 0 |a regulácia 
610 2 0 |a riadenie 
610 2 0 |a kapitál bankový 
610 2 0 |a kapitál vlastný 
610 2 0 |a pozície devízové 
610 2 0 |a korupcia 
610 2 0 |a riziko 
100 1 |a Jánoš, Daniel